Loading...
Current Events | 2 | 10.00 | 100% | 0% | 0% |
Fine Arts - Classical Music | 1 | 0.00 | 0% | 0% | 0% |
Fine Arts - Other Fine Arts | 4 | 7.50 | 50% | 25% | 0% |
Fine Arts - Painting and Sculpture | 2 | 5.00 | 50% | 0% | 0% |
History - American History | 2 | 15.00 | 100% | 50% | 0% |
History - European History | 2 | 10.00 | 100% | 0% | 0% |
History - Other History | 3 | 16.67 | 100% | 33% | 33% |
History - World History | 1 | 10.00 | 100% | 0% | 0% |
Literature - Drama | 3 | 3.33 | 33% | 0% | 0% |
Literature - Long Fiction | 1 | 0.00 | 0% | 0% | 0% |
Literature - Misc Literature | 3 | 6.67 | 33% | 0% | 33% |
Literature - Poetry | 1 | 10.00 | 100% | 0% | 0% |
Literature - Short Fiction | 1 | 10.00 | 100% | 0% | 0% |
Mythology | 2 | 5.00 | 50% | 0% | 0% |
Other Academic | 4 | 12.50 | 75% | 50% | 0% |
Philosophy | 1 | 10.00 | 100% | 0% | 0% |
Religion | 2 | 5.00 | 50% | 0% | 0% |
Science - Biology | 3 | 6.67 | 67% | 0% | 0% |
Science - Chemistry | 1 | 0.00 | 0% | 0% | 0% |
Science - Other Science | 2 | 0.00 | 0% | 0% | 0% |
Social Science | 4 | 7.50 | 50% | 25% | 0% |